000 00458nam a22001697a 4500
008 170612b xxu||||| |||| 00| p tur d
020 _a9759056070
041 _atur
050 _aPL234.A774
100 _9255
_aOsman Hakan A.
245 _aSarı Ekin Toplu Şiirler
_cOsman Hakan A.
250 _a1. baskı
260 _aİstanbul
_bDigraf Yayıncılık, Şiirden
_cHaziran 2005
300 _a231 sayfa
650 0 _9145
_aTürk Edebiyatı
942 _2lcc
_cBK
999 _c192
_d188